000 00564nam a2200193Ia 4500
005 20250508161540.0
008 008 250505s9999 xx 000 0 eng d
037 _aTextual
040 _aFEDL
_beng
_cFEDL
041 _aeng
_2eng
084 _a301.40954, BRI
_qFEDL
100 _aMohan Brij
245 0 _aIndia's social problems : Analysing basic issues
260 _aAllahabad, India
_bIndian International Publications
_c1972
300 _ax,128p.
650 _aSociology
942 _cTEXL
_h301.40954, BRI
999 _c1370706
_d1370706